An atlas of orchid pollination : America, Africa, Asia, and Australia
Αποθηκεύτηκε σε:
| Κύριος συγγραφέας: | |
|---|---|
| Μορφή: | Βιβλίο |
| Γλώσσα: | English |
| Δημοσίευση: |
Rotterdam :
A.A. Balkema Publishers,
2001
|
| Θέματα: | |
| Ετικέτες: |
Προσθήκη ετικέτας
Δεν υπάρχουν, Καταχωρήστε ετικέτα πρώτοι!
|
MARC
| LEADER | 00000nam a2200000 i 4500 | ||
|---|---|---|---|
| 001 | 1/91222 | ||
| 008 | 080718s2001 eng d | ||
| 020 | |a 90-5410-486-4 | ||
| 035 | |l 10099066 | ||
| 040 | |a GR-MY-UA |b gre |e aacr | ||
| 041 | 0 | |a eng | |
| 082 | 0 | |a 584.4 |2 (22) | |
| 100 | 1 | |a Cingel, N. A. van der |q (Nelis A.) |d 1931- | |
| 245 | 1 | 3 | |a An atlas of orchid pollination : |b America, Africa, Asia, and Australia / |c N.A. van der Cingel |
| 260 | |a Rotterdam : |b A.A. Balkema Publishers, |c 2001 | ||
| 300 | |a xii, 296 σ., [26] σ. φύλλα πινάκων; |b εικ. (μερ. έγχρ.); |c 29 εκ. | ||
| 504 | |a Βιβλιογραφία: σ. 255-271 | ||
| 504 | |a Ευρετήρια: σ. 273-296 | ||
| 650 | 0 | 0 | |a Orchids |x Pollination |z America. |
| 650 | 0 | 0 | |a Orchids |x Pollination |z Africa. |
| 650 | 0 | 0 | |a Orchids |x Pollination |z Asia. |
| 650 | 0 | 0 | |a Orchids |x Pollination |z Australia. |
| 852 | |a INST |b LESVOS |e 20080718 |h 584.4 CIN |p 005100041801 |q 005100041801 |t BK |y 0 | ||
| 901 | |a BIBL1-2008-2 | ||
| 909 | |a Λ |b 144362 | ||
| 922 | |a 1ΕΛΗ |b 200801 |c ΕΠΕΑΕΚ2/ΤΓ |d ΠΑΠΑΣΩΤΗΡΙΟΥ | ||
| 970 | |a ΚΑΡΑ |b ΓΙΑΣΕΜΗ |z 2008/07/18 | ||